000 00573nam a2200217 a 4500
005 20200104041511.0
008 140220b1986 ck ||||| |||| 00| 0 spa d
040 _aCO-BoIAVH
_cCO-BoIAVH
041 _aspa
044 _ack
090 _aLB
_b00459
100 _aGuevara, Jaime H.
_97914
245 _aSuelos del departamento de Cundinamarca
260 _aBogotá
_bIGAC
_c1986
300 _a41 paginas.
_eMapa
650 _aSuelos
_9287
650 _aInventarios
_992201
650 _aTaxonomía de suelos
_97916
662 _aColombia
_bCundinamarca
942 _cINFORME
_2z
999 _c478
_d478